| 000 | 00855nam a2200229Ia 4500 | ||
|---|---|---|---|
| 003 | OSt | ||
| 005 | 20200929134316.0 | ||
| 008 | 191128s2000 ck gr 000 0 spa d | ||
| 020 | _a9582811862 | ||
| 040 |
_aCO-JMCR _cCO-JMCR |
||
| 041 | 0 | _aspa | |
| 082 | 0 | 4 |
_a615 / _bG569s _223 |
| 100 | 1 |
_aGómez Villa, Jimena, _eautor _910977 |
|
| 245 | 1 | 0 |
_aSalud y belleza : _bConsejos, trucos, y recetas de la sabiduría popular para la salud y la belleza con ingredientes naturales / _cJimena Gómez Villa |
| 260 |
_aBogotá : _bCírculo de lectores, _c2000. |
||
| 300 |
_a276 páginas _c22 cm. |
||
| 490 | 0 | _aColección secretos de la abuela | |
| 505 | 0 | _aConsejos de belleza -- Dolencias y cómo aliviarlos -- Más secretos de la abuela para vivr mejor | |
| 650 | 2 | 4 |
_aSalud y belleza _910978 |
| 650 | 2 | 4 |
_aConsejos y trucos _xBelleza _910979 |
| 942 |
_2ddc _cBK |
||
| 999 |
_c4146 _d4146 |
||